| 000 | 00628nam a2200265Ia 4500 | ||
|---|---|---|---|
| 008 | 210210b2011 xxu||||| |||| 00| 0 eng d | ||
| 020 | _a9780070598775 | ||
| 041 | _aeng | ||
| 082 | _a001.6425 PRIP | ||
| 100 | _aPRIESTLEY (Mark) | ||
| 245 | _aPractical object oriented design with UML Ed 2 | ||
| 250 | _a | ||
| 260 |
_aNew Delhi _bTata McGraw Hill Education Pvt. Ltd. _c2011 |
||
| 300 | _axiii,357 | ||
| 650 | _awith | ||
| 650 | _aUML | ||
| 650 | _aPractical | ||
| 650 | _aoriented | ||
| 650 | _aobject | ||
| 650 | _aEd | ||
| 650 | _adesign | ||
| 650 | _a2 | ||
| 690 | _aComputer Science | ||
| 906 | _a071689 | ||
| 999 |
_c121440 _d121440 |
||